[Event "Deutsche Ländermeisterschaft 2003"]
[Site "Kassel GER"]
[Date "2003.10.22"]
[Round "5"]
[White "Korotkevych, Stanislav"]
[Black "de Wiljes, Jan-Hendrik"]
[Result "1/2-1/2"]
[Termination "normal"]
[Board "1.1"]
[WhiteElo "2320"]
[BlackElo "2254"]
[WhiteTeam "Nordrhein-Westfalen"]
[BlackTeam "Niedersachsen"]
[PlyCount "63"]
[WhiteFideId "14107309"]
[EventCountry "GER"]
[EventRounds "7"]
[EventType "team-swiss"]
[EventDate "2003.10.18"]

1. d4 Nf6 2. Nf3 e6 3. Bg5 d5 4. e3 c5 5. c3 Be7 6. Bd3 Nbd7 7. O-O b6 8. Nbd2
Bb7 9. Ne5 Nxe5 10. dxe5 Nd7 11. Bf4 g5 12. Bg3 h5 13. h3 Qc7 14. e4 Nxe5 15.
Bb5+ Kf8 16. exd5 Bxd5 17. Qe2 Bd6 18. Ne4 Bxe4 19. Qxe4 Rd8 20. f4 Nd7 21. Qf3
g4 22. hxg4 hxg4 23. Qxg4 Nf6 24. Qe2 Ke7 25. Rad1 Rdg8 26. Rf3 Rh7 27. Bd3 Rh6
28. Bf5 c4 29. Rd4 Rxg3 30. Rxg3 Bc5 31. Bxe6 Qxf4 32. Bh3+ 1/2-1/2

[Event "Deutsche Ländermeisterschaft 2003"]
[Site "Kassel GER"]
[Date "2003.10.22"]
[Round "5"]
[White "Lubbe, Nikolas"]
[Black "Fiebig, Thomas"]
[Result "1/2-1/2"]
[Termination "normal"]
[Board "1.2"]
[WhiteElo "2103"]
[BlackElo "2262"]
[WhiteTeam "Niedersachsen"]
[BlackTeam "Nordrhein-Westfalen"]
[PlyCount "116"]
[WhiteFideId "4694031"]
[BlackFideId "4693922"]
[EventCountry "GER"]
[EventRounds "7"]
[EventType "team-swiss"]
[EventDate "2003.10.18"]

1. e4 e6 2. d4 d5 3. exd5 exd5 4. Nf3 Nf6 5. Bd3 Bg4 6. Nbd2 Nbd7 7. O-O Be7 8.
c3 O-O 9. Qc2 Bd6 10. h3 Bh5 11. Ne1 Re8 12. g4 Bg6 13. Bxg6 hxg6 14. Ng2 c6
15. f4 Ne4 16. Nxe4 Rxe4 17. Bd2 Qc7 18. Rae1 Rae8 19. Rxe4 Rxe4 20. Qd3 Nf8
21. f5 Qe7 22. Qf3 Re2 23. Re1 Rxe1+ 24. Bxe1 gxf5 25. gxf5 Qg5 26. Qg4 Nh7 27.
Qxg5 Nxg5 28. h4 Ne4 29. Kf1 Kf8 30. Ke2 Ke7 31. Kf3 Bh2 32. h5 b5 33. Bh4+ f6
34. Be1 Bc7 35. b4 a5 36. a3 Kf7 37. Ne3 a4 38. Kg4 Kg8 39. Nf1 Kh7 40. Ne3 Bb8
41. Nf1 Bd6 42. Ne3 Be7 43. Nf1 Nd6 44. Ne3 Nf7 45. Bf2 Bd6 46. Be1 Bc7 47. Bf2
Nh6+ 48. Kf3 Bb8 49. Be1 Nf7 50. Nf1 Ng5+ 51. Kg4 Bc7 52. Bd2 Ne4 53. Be1 Bd6
54. Ne3 Bh2 55. Nf1 Bb8 56. Ne3 Kh6 57. Nf1 Bc7 58. Bd2+ Kh7 1/2-1/2

[Event "Deutsche Ländermeisterschaft 2003"]
[Site "Kassel GER"]
[Date "2003.10.22"]
[Round "5"]
[White "Rehberg, Raphael"]
[Black "Wiegmann, Sascha"]
[Result "1-0"]
[Termination "normal"]
[Board "1.3"]
[WhiteElo "2042"]
[BlackElo "2156"]
[WhiteTeam "Nordrhein-Westfalen"]
[BlackTeam "Niedersachsen"]
[PlyCount "89"]
[WhiteFideId "4686799"]
[BlackFideId "4682041"]
[EventCountry "GER"]
[EventRounds "7"]
[EventType "team-swiss"]
[EventDate "2003.10.18"]

1. e4 c5 2. c3 d5 3. exd5 Qxd5 4. d4 Nf6 5. Nf3 Bg4 6. Nbd2 e6 7. Qa4+ Nbd7 8.
Bc4 Qd6 9. Bb5 cxd4 10. Nc4 Qd5 11. Nfe5 Bc5 12. Bxd7+ Nxd7 13. Qxd7+ Qxd7 14.
Nxd7 Kxd7 15. Ne5+ Kd6 16. Nxg4 h5 17. Bf4+ Kd5 18. Ne5 g5 19. c4+ Ke4 20. f3+
Kxf4 21. Nd3+ Ke3 22. Nxc5 Rac8 23. Ne4 d3 24. b3 f5 25. Nd2 e5 26. Rf1 Rhf8
27. O-O-O Rce8 28. Rde1+ Kd4 29. g4 hxg4 30. fxg4 e4 31. Rxf5 Rxf5 32. gxf5 e3
33. Nf3+ Kc3 34. Kd1 g4 35. Nd2 Kb2 36. Nf1 e2+ 37. Kd2 exf1=Q 38. Rxf1 Re2+
39. Kxd3 Rxh2 40. f6 Rh8 41. Rf2+ Ka3 42. Ke4 g3 43. Rg2 a5 44. Ke5 Rh2 45.
Rxg3 1-0

[Event "Deutsche Ländermeisterschaft 2003"]
[Site "Kassel GER"]
[Date "2003.10.22"]
[Round "5"]
[White "Bäumler, Ilja"]
[Black "Zhang, Fan"]
[Result "1-0"]
[Termination "normal"]
[Board "1.4"]
[WhiteElo "2153"]
[BlackElo "1752"]
[WhiteTeam "Niedersachsen"]
[BlackTeam "Nordrhein-Westfalen"]
[PlyCount "155"]
[WhiteFideId "4681070"]
[BlackFideId "24609730"]
[EventCountry "GER"]
[EventRounds "7"]
[EventType "team-swiss"]
[EventDate "2003.10.18"]

1. e4 e6 2. d4 d5 3. Nc3 Nf6 4. Bg5 Bb4 5. e5 h6 6. Bd2 Bxc3 7. Bxc3 Ne4 8. Ba5
b6 9. Bb4 c5 10. Ba3 cxd4 11. Qxd4 Bd7 12. Nf3 Qc7 13. Bd3 Nc6 14. Qe3 Nxe5 15.
Bxe4 dxe4 16. Qxe4 Nxf3+ 17. Qxf3 Bc6 18. Qc3 O-O-O 19. O-O Bb5 20. Qxc7+ Kxc7
21. c4 Bc6 22. Rfd1 g6 23. Be7 Rxd1+ 24. Rxd1 Rc8 25. Bf6 Kb7 26. Be5 Be8 27.
Rc1 Rd8 28. Kf1 Bc6 29. f3 Rd2 30. Bc3 Rd8 31. Ke2 Ba4 32. b3 Bc6 33. Bf6 Rd7
34. Ke3 Kc7 35. h4 h5 36. g4 hxg4 37. fxg4 Bg2 38. Rc2 Bh3 39. Kf4 Rd1 40. Rh2
Rf1+ 41. Kg5 Rf3 42. Rd2 Kc6 43. Be5 a6 44. Rd4 Kc5 45. Rf4 Rg3 46. Re4 Rg2 47.
Bd4+ Kc6 48. a3 Rg3 49. b4 Rg2 50. a4 Rg3 51. b5+ axb5 52. axb5+ Kb7 53. Rf4 f5
54. Kxg6 Bxg4 55. Kf6 Rh3 56. Bf2 Rc3 57. Kxe6 Be2 58. Kd5 Rd3+ 59. Bd4 Bf3+
60. Ke6 Bg4 61. Bf2 Rc3 62. Kd6 Rd3+ 63. Bd4 Rh3 64. Bf6 Rf3 65. Rxf3 Bxf3 66.
Bd4 Be2 67. c5 bxc5 68. Kxc5 f4 69. b6 Bg4 70. Kd6 f3 71. Bf2 Bh5 72. Ke5 Kc6
73. Kf4 Kd7 74. Kg5 Bf7 75. h5 Bd5 76. h6 Be4 77. Kf6 Kd6 78. Kg7 1-0

[Event "Deutsche Ländermeisterschaft 2003"]
[Site "Kassel GER"]
[Date "2003.10.22"]
[Round "5"]
[White "Beckmann, Emanuel"]
[Black "Romakin, Helene"]
[Result "0-1"]
[Termination "normal"]
[Board "1.5"]
[WhiteElo "1858"]
[BlackElo "2081"]
[WhiteTeam "Nordrhein-Westfalen"]
[BlackTeam "Niedersachsen"]
[PlyCount "84"]
[WhiteFideId "24608025"]
[BlackFideId "24605964"]
[EventCountry "GER"]
[EventRounds "7"]
[EventType "team-swiss"]
[EventDate "2003.10.18"]

1. e4 c5 2. Nf3 Nc6 3. d4 cxd4 4. Nxd4 Nf6 5. Nc3 e5 6. Nb3 d6 7. Be2 Be7 8.
O-O O-O 9. Be3 Na5 10. f3 Be6 11. Nd5 Bxd5 12. exd5 Nd7 13. Qd2 Nxb3 14. axb3
a6 15. b4 f5 16. c4 f4 17. Bf2 Bh4 18. Bd3 Rc8 19. Rfc1 Bxf2+ 20. Qxf2 Nf6 21.
Bf5 Rc7 22. Be6+ Kh8 23. Ra3 e4 24. Rac3 e3 25. Qe2 Re8 26. Qd3 Nd7 27. c5 Ne5
28. Qe4 Ng6 29. Qc2 Nf8 30. Bf5 dxc5 31. Rxc5 Rxc5 32. Qxc5 Qh4 33. Be4 Qf2+
34. Kh1 Nd7 35. Qd4 Nf6 36. d6 Rd8 37. Qb6 Rg8 38. d7 Nxd7 39. Qd4 Nf6 40. Bxb7
Qd2 41. Qc3 Rd8 42. h3 Qxc3 0-1

[Event "Deutsche Ländermeisterschaft 2003"]
[Site "Kassel GER"]
[Date "2003.10.22"]
[Round "5"]
[White "Seeger, Franziska"]
[Black "Hobusch, Alexander"]
[Result "1-0"]
[Termination "normal"]
[Board "1.6"]
[WhiteElo "2064"]
[BlackElo "1771"]
[WhiteTeam "Niedersachsen"]
[BlackTeam "Nordrhein-Westfalen"]
[PlyCount "81"]
[WhiteFideId "4690982"]
[BlackFideId "24611387"]
[EventCountry "GER"]
[EventRounds "7"]
[EventType "team-swiss"]
[EventDate "2003.10.18"]

1. e4 e6 2. d4 d5 3. Nc3 Nf6 4. e5 Nfd7 5. f4 c5 6. Nf3 Nc6 7. Be3 Qb6 8. Qd2
Qxb2 9. Rb1 Qa3 10. Nb5 Qxa2 11. Rc1 Kd8 12. Ng5 Ke7 13. dxc5 f6 14. Nxe6 Kxe6
15. Nc7+ Ke7 16. exf6+ Kd8 17. Nxa8 Nxf6 18. Bd3 Bd7 19. O-O d4 20. Bf2 Kc8 21.
Ra1 Qf7 22. Bb5 Ne4 23. Qe1 Nxf2 24. Qxf2 Bxc5 25. c3 Kb8 26. Bxc6 Kxa8 27.
cxd4 Bxc6 28. dxc5 Re8 29. Qd4 a6 30. Qd6 Re2 31. Qd8+ Ka7 32. Qb6+ Kb8 33.
Qd8+ Ka7 34. Rxa6+ bxa6 35. Qb6+ Ka8 36. Qxa6+ Kb8 37. Rb1+ Bb7 38. Qxe2 Qd5
39. Qe8+ Kc7 40. Qe7+ Kc8 41. Qf8+ 1-0

[Event "Deutsche Ländermeisterschaft 2003"]
[Site "Kassel GER"]
[Date "2003.10.22"]
[Round "5"]
[White "Butschek, Tanja"]
[Black "Bradler, Stephan"]
[Result "1/2-1/2"]
[Termination "normal"]
[Board "1.7"]
[WhiteElo "1727"]
[BlackElo "1559"]
[WhiteTeam "Nordrhein-Westfalen"]
[BlackTeam "Niedersachsen"]
[PlyCount "78"]
[WhiteFideId "24604640"]
[BlackFideId "24629367"]
[EventCountry "GER"]
[EventRounds "7"]
[EventType "team-swiss"]
[EventDate "2003.10.18"]

1. e4 e5 2. Nf3 Nc6 3. Bb5 Nf6 4. O-O Nxe4 5. Re1 Nd6 6. Nxe5 Nxe5 7. Rxe5+ Be7
8. Bf1 O-O 9. d4 Bf6 10. Re1 Nf5 11. c3 d5 12. Bf4 Be6 13. Nd2 Re8 14. Nf3 Nd6
15. Ne5 c6 16. Qc2 Bf5 17. Bd3 Bxd3 18. Qxd3 Bxe5 19. Bxe5 Nc4 20. Qg3 Nxe5 21.
Rxe5 Rxe5 22. Qxe5 Qd7 23. Re1 Kf8 24. f4 Re8 25. Qxe8+ Qxe8 26. Rxe8+ Kxe8 27.
Kf2 Ke7 28. g4 f5 29. g5 h6 30. gxh6 gxh6 31. b3 b5 32. h4 h5 33. Ke3 Kd6 34.
Kd3 a6 35. a3 Kc7 36. c4 Kb6 37. cxd5 cxd5 38. Kc3 a5 39. b4 a4 1/2-1/2

[Event "Deutsche Ländermeisterschaft 2003"]
[Site "Kassel GER"]
[Date "2003.10.22"]
[Round "5"]
[White "Kickert, Germaine Helene"]
[Black "van Orsouw, Svenja"]
[Result "1/2-1/2"]
[Termination "normal"]
[Board "1.8"]
[WhiteElo "1315"]
[BlackElo "1313"]
[WhiteTeam "Niedersachsen"]
[BlackTeam "Nordrhein-Westfalen"]
[PlyCount "73"]
[WhiteFideId "24614890"]
[BlackFideId "24677124"]
[EventCountry "GER"]
[EventRounds "7"]
[EventType "team-swiss"]
[EventDate "2003.10.18"]

1. e4 Nc6 2. d4 d5 3. exd5 Qxd5 4. Nf3 Bg4 5. Nc3 Qd7 6. Be2 O-O-O 7. Ng5 Bxe2
8. Nxe2 e6 9. c3 h6 10. Nf3 Nf6 11. O-O Bd6 12. Bf4 Nd5 13. Bxd6 Qxd6 14. Re1
Rhg8 15. Ng3 Nce7 16. Ne5 Rdf8 17. Qh5 f5 18. Qe2 Nf4 19. Qc4 Qd5 20. Qxd5
Nexd5 21. Ne2 Rf6 22. Nxf4 Nxf4 23. Re3 g5 24. Rae1 Kd8 25. Kf1 Ke7 26. Nd3 Nd5
27. Re5 Nf4 28. Nxf4 gxf4 29. d5 Rgg6 30. Rxe6+ Rxe6 31. Rxe6+ Rxe6 32. dxe6
Kxe6 33. Ke2 Kd5 34. Kd3 b5 35. b3 c5 36. c4+ bxc4+ 37. bxc4+ 1/2-1/2

[Event "Deutsche Ländermeisterschaft 2003"]
[Site "Kassel GER"]
[Date "2003.10.22"]
[Round "5"]
[White "Krämer, Martin"]
[Black "Boguslavskyy, Oleg"]
[Result "1-0"]
[Termination "normal"]
[Board "2.1"]
[WhiteElo "2213"]
[BlackElo "2340"]
[WhiteTeam "Thüringen"]
[BlackTeam "Baden"]
[PlyCount "79"]
[WhiteFideId "4671910"]
[BlackFideId "14113929"]
[EventCountry "GER"]
[EventRounds "7"]
[EventType "team-swiss"]
[EventDate "2003.10.18"]

1. Nc3 e5 2. Nf3 Nc6 3. d4 exd4 4. Nxd4 Nf6 5. Bg5 Bb4 6. Nxc6 bxc6 7. Qd4 Be7
8. e4 O-O 9. Be2 Rb8 10. O-O c5 11. Qe3 d6 12. e5 Ng4 13. Bxe7 Qxe7 14. Bxg4
Bxg4 15. Qg3 Be6 16. f4 f5 17. b3 dxe5 18. fxe5 Rb4 19. h3 Rd8 20. Rad1 Rbd4
21. Qf3 Qd7 22. Qb7 c6 23. Qxd7 R8xd7 24. Rde1 Rd2 25. Rf2 c4 26. b4 Kf7 27.
Rxd2 Rxd2 28. Re2 Rd8 29. Kf2 Rb8 30. a3 Rb6 31. Re3 c5 32. b5 Ke7 33. Re1 g5
34. a4 Bf7 35. Rd1 Ke6 36. Rd5 f4 37. Rxc5 Bg6 38. Ne2 Rb7 39. Nd4+ Ke7 40.
Rxc4 1-0

[Event "Deutsche Ländermeisterschaft 2003"]
[Site "Kassel GER"]
[Date "2003.10.22"]
[Round "5"]
[White "Strohhäker, Raoul"]
[Black "Holzschuh, Stephan"]
[Result "1-0"]
[Termination "normal"]
[Board "2.2"]
[WhiteElo "2106"]
[BlackElo "2138"]
[WhiteTeam "Baden"]
[BlackTeam "Thüringen"]
[PlyCount "89"]
[WhiteFideId "4687400"]
[BlackFideId "4677471"]
[EventCountry "GER"]
[EventRounds "7"]
[EventType "team-swiss"]
[EventDate "2003.10.18"]

1. c4 Nf6 2. Nc3 g6 3. Nf3 Bg7 4. d4 d6 5. Bf4 O-O 6. e3 Nbd7 7. h3 c6 8. Rc1
a6 9. a4 Qa5 10. Be2 e5 11. Bh2 Ne4 12. O-O Nxc3 13. Rxc3 c5 14. Rc1 Re8 15.
dxe5 dxe5 16. b3 Nb8 17. Qd2 Qb6 18. Rfd1 Nc6 19. Ng5 Be6 20. Nxe6 Rxe6 21. Bf3
Rd8 22. Bd5 Red6 23. Qe2 Ne7 24. e4 Qxb3 25. Rb1 Qxa4 26. Rxb7 R6d7 27. Rbb1
Rd6 28. Ra1 Qd7 29. Rdb1 Nxd5 30. cxd5 Qa7 31. Bg3 Rc8 32. Qc4 a5 33. Rb5 Ra6
34. Ra4 f6 35. f3 Bf8 36. Be1 Bd6 37. Kh2 Qc7 38. Rxc5 Bxc5 39. Qxa6 Bb6 40.
Bxa5 Bg1+ 41. Kh1 Qc1 42. Bd2 Qc5 43. Qe6+ Kg7 44. Qd7+ Kh8 45. Bh6 1-0

[Event "Deutsche Ländermeisterschaft 2003"]
[Site "Kassel GER"]
[Date "2003.10.22"]
[Round "5"]
[White "Lange, Corinna"]
[Black "Hauser, Carlos"]
[Result "1/2-1/2"]
[Termination "normal"]
[Board "2.3"]
[WhiteElo "2142"]
[BlackElo "1903"]
[WhiteTeam "Thüringen"]
[BlackTeam "Baden"]
[PlyCount "41"]
[BlackFideId "24608238"]
[EventCountry "GER"]
[EventRounds "7"]
[EventType "team-swiss"]
[EventDate "2003.10.18"]

1. e4 e5 2. Nf3 d6 3. d4 Nf6 4. dxe5 Nxe4 5. Bc4 c6 6. exd6 Bxd6 7. O-O O-O 8.
Be3 Bg4 9. Be2 Nd7 10. h3 Bh5 11. Nfd2 Bxe2 12. Qxe2 Nef6 13. Nc3 Re8 14. Rfe1
Bc5 15. Nd1 Qc7 16. Qf3 Bxe3 17. Nxe3 Nb6 18. g4 h6 19. Rad1 Re6 20. Re2 Rae8
21. Rde1 1/2-1/2

[Event "Deutsche Ländermeisterschaft 2003"]
[Site "Kassel GER"]
[Date "2003.10.22"]
[Round "5"]
[White "Becker, Erik"]
[Black "Siebarth, Raiko"]
[Result "0-1"]
[Termination "normal"]
[Board "2.4"]
[WhiteElo "2010"]
[BlackElo "2117"]
[WhiteTeam "Baden"]
[BlackTeam "Thüringen"]
[PlyCount "38"]
[WhiteFideId "4696921"]
[BlackFideId "4674766"]
[EventCountry "GER"]
[EventRounds "7"]
[EventType "team-swiss"]
[EventDate "2003.10.18"]

1. e4 c5 2. Nf3 d6 3. d4 cxd4 4. Nxd4 Nf6 5. Nc3 a6 6. Bg5 e6 7. f4 Be7 8. Qf3
Qc7 9. O-O-O Nbd7 10. g4 b5 11. Bxf6 Nxf6 12. g5 Nd7 13. f5 Bxg5+ 14. Kb1 Ne5
15. Qh5 Bf6 16. fxe6 g6 17. Nd5 Qd8 18. exf7+ Kxf7 19. Qh6 Bg5 0-1

[Event "Deutsche Ländermeisterschaft 2003"]
[Site "Kassel GER"]
[Date "2003.10.22"]
[Round "5"]
[White "Siebarth, Marco"]
[Black "Kaczmarczyk, Dennis"]
[Result "1/2-1/2"]
[Termination "normal"]
[Board "2.5"]
[WhiteElo "1733"]
[BlackElo "1814"]
[WhiteTeam "Thüringen"]
[BlackTeam "Baden"]
[PlyCount "48"]
[WhiteFideId "24604330"]
[BlackFideId "24608297"]
[EventCountry "GER"]
[EventRounds "7"]
[EventType "team-swiss"]
[EventDate "2003.10.18"]

1. e4 e6 2. d4 d5 3. exd5 exd5 4. Bd3 c5 5. dxc5 Bxc5 6. Nf3 Nf6 7. O-O O-O 8.
Bf4 Nc6 9. c3 Bg4 10. Nbd2 Re8 11. h3 Bh5 12. Qb3 Bb6 13. Rfe1 Qd7 14. Bg5 Qd6
15. Bxf6 gxf6 16. Qc2 Bg6 17. Bxg6 fxg6 18. Nb3 Qf4 19. Rad1 Rxe1+ 20. Rxe1 Ne5
21. Nbd4 Rc8 22. Qb3 Rd8 23. Qc2 Rc8 24. Qb3 Rd8 1/2-1/2

[Event "Deutsche Ländermeisterschaft 2003"]
[Site "Kassel GER"]
[Date "2003.10.22"]
[Round "5"]
[White "Mader, Manuela"]
[Black "Forchmann, Anneliese"]
[Result "1-0"]
[Termination "normal"]
[Board "2.6"]
[WhiteElo "1662"]
[BlackElo "1627"]
[WhiteTeam "Baden"]
[BlackTeam "Thüringen"]
[PlyCount "111"]
[WhiteFideId "24612928"]
[EventCountry "GER"]
[EventRounds "7"]
[EventType "team-swiss"]
[EventDate "2003.10.18"]

1. e4 e6 2. d3 d5 3. Qe2 Be7 4. Nf3 c5 5. g3 Nc6 6. Bg2 Nf6 7. e5 Nd7 8. O-O
O-O 9. h4 f6 10. exf6 Nxf6 11. Bd2 Bd6 12. Nc3 Qe8 13. Rfe1 Bd7 14. Nh2 Nd4 15.
Qd1 Qg6 16. Ne2 Nf5 17. Nf4 Bxf4 18. Bxf4 Rf7 19. Nf3 Ng4 20. Bh3 Raf8 21. Bxg4
Qxg4 22. Ne5 Qxd1 23. Raxd1 Re7 24. Bg5 Bc8 25. Bxe7 Nxe7 26. Kg2 Nf5 27. Nf3
h6 28. a3 b5 29. b4 c4 30. g4 Nd6 31. Kg3 a6 32. Nd4 Kf7 33. Re3 Ke7 34. Rde1
Rf6 35. f4 Kf7 36. Re5 g6 37. g5 hxg5 38. fxg5 Nf5+ 39. Nxf5 Rxf5 40. Rxf5+
exf5 41. Kf4 Be6 42. Ke5 Ke7 43. Kd4 Kd6 44. dxc4 dxc4 45. Rh1 Bf7 46. Rg1 Bg8
47. Rg3 Bd5 48. h5 gxh5 49. g6 f4 50. Rg5 Bg8 51. g7 Ke6 52. Rxh5 f3 53. Ke3
Kf6 54. Rh6+ Kxg7 55. Rxa6 Bd5 56. Rb6 1-0

[Event "Deutsche Ländermeisterschaft 2003"]
[Site "Kassel GER"]
[Date "2003.10.22"]
[Round "5"]
[White "Friedt, Edmund"]
[Black "Goergen, Barbara"]
[Result "1/2-1/2"]
[Termination "normal"]
[Board "2.7"]
[WhiteElo "1303"]
[BlackElo "1758"]
[WhiteTeam "Thüringen"]
[BlackTeam "Baden"]
[PlyCount "71"]
[WhiteFideId "24629545"]
[EventCountry "GER"]
[EventRounds "7"]
[EventType "team-swiss"]
[EventDate "2003.10.18"]

1. e4 c6 2. d4 d5 3. exd5 cxd5 4. Bd3 Nc6 5. c3 Nf6 6. Bf4 Bg4 7. Qb3 Qd7 8.
Nd2 e6 9. Ngf3 Bxf3 10. Nxf3 a6 11. O-O Be7 12. Rfe1 O-O 13. Qc2 g6 14. Qd2
Rfc8 15. Ne5 Nxe5 16. Bxe5 Ng4 17. Bf4 Nf6 18. h3 Qd8 19. Be5 Nd7 20. Bf4 Bf8
21. Re3 Bg7 22. g4 Qe7 23. Rae1 b5 24. Rg3 Re8 25. Bh6 Bh8 26. Kg2 f6 27. f4 e5
28. h4 Qd6 29. f5 e4 30. Be2 Bg7 31. fxg6 hxg6 32. Bf4 Qe7 33. b3 Nb6 34. h5 g5
35. Be3 Rac8 36. Rh1 1/2-1/2

[Event "Deutsche Ländermeisterschaft 2003"]
[Site "Kassel GER"]
[Date "2003.10.22"]
[Round "5"]
[White "Frey, Alisa"]
[Black "Eckoldt, Katja"]
[Result "1/2-1/2"]
[Termination "normal"]
[Board "2.8"]
[WhiteElo "1396"]
[BlackElo "1206"]
[WhiteTeam "Baden"]
[BlackTeam "Thüringen"]
[PlyCount "109"]
[WhiteFideId "24634662"]
[EventCountry "GER"]
[EventRounds "7"]
[EventType "team-swiss"]
[EventDate "2003.10.18"]

1. e4 c5 2. Nf3 d6 3. d4 cxd4 4. Nxd4 Nf6 5. Nc3 a6 6. Bc4 e5 7. Nf3 Be7 8. Bg5
O-O 9. Qd2 b5 10. Bxf6 Bxf6 11. Bd5 Ra7 12. O-O-O Bg4 13. Qe3 Rd7 14. h3 Bxf3
15. Qxf3 Qc7 16. a3 Nc6 17. Bxc6 Qxc6 18. h4 Rc8 19. Qd3 Be7 20. Nd5 Bf8 21.
Rd2 Rcd8 22. Qg3 Be7 23. h5 a5 24. h6 g6 25. Qf3 f6 26. Nxf6+ Bxf6 27. Qxf6
Qxe4 28. f3 Qc6 29. Qe6+ Kf8 30. Qd5 Qxd5 31. Rxd5 Rb7 32. Rhd1 Ke7 33. g3 Rb6
34. f4 exf4 35. gxf4 Ke6 36. c3 Rf8 37. R1d4 Rf5 38. Rxf5 Kxf5 39. Kd2 g5 40.
Rd5+ Kxf4 41. Ke2 g4 42. Kf2 g3+ 43. Kg1 Kf3 44. Rf5+ Kg4 45. Rf7 d5 46. Rxh7
Re6 47. Rg7+ Kh3 48. Kf1 Rxh6 49. Kg1 Rh4 50. b3 Rg4 51. Rh7+ Rh4 52. Rf7 Re4
53. Rh7+ Rh4 54. Rg7 Rg4 55. Rh7+ 1/2-1/2

[Event "Deutsche Ländermeisterschaft 2003"]
[Site "Kassel GER"]
[Date "2003.10.22"]
[Round "5"]
[White "Nazarenus, Moritz"]
[Black "Mijatovic, Vladimir"]
[Result "1-0"]
[Termination "normal"]
[Board "3.1"]
[WhiteElo "2111"]
[BlackElo "2126"]
[WhiteTeam "Hessen 2"]
[BlackTeam "Württemberg"]
[PlyCount "89"]
[WhiteFideId "4670540"]
[BlackFideId "934062"]
[EventCountry "GER"]
[EventRounds "7"]
[EventType "team-swiss"]
[EventDate "2003.10.18"]

1. d4 f5 2. Nc3 Nf6 3. Bg5 d5 4. Bxf6 exf6 5. e3 Be6 6. Bd3 Nc6 7. Qf3 Qd7 8.
a3 O-O-O 9. Nge2 g6 10. O-O-O Kb8 11. h3 h5 12. Rhg1 g5 13. h4 Bd6 14. g3 Be7
15. Kb1 Rde8 16. Rh1 g4 17. Qg2 Bf7 18. Nf4 Rd8 19. Bb5 Qd6 20. Bd3 Qd7 21. Ka2
Bd6 22. Nfe2 Na5 23. b3 c6 24. Nb1 b6 25. Rc1 Rc8 26. Nd2 Rc7 27. Rhd1 c5 28.
dxc5 Bxc5 29. c4 dxc4 30. Nxc4 Nxb3 31. Kxb3 b5 32. Kb2 bxc4 33. Bxc4 Rb7+ 34.
Ka1 Qa4 35. Qxb7+ Kxb7 36. Bxf7 Qxa3+ 37. Ba2 Rc8 38. Rb1+ Ka8 39. Rb3 Qa6 40.
Rdb1 Bb6 41. Nc3 Bc7 42. Nb5 Be5+ 43. Nd4 Qd6 44. Rb4 Rc2 45. Rb8+ 1-0

[Event "Deutsche Ländermeisterschaft 2003"]
[Site "Kassel GER"]
[Date "2003.10.22"]
[Round "5"]
[White "Stuhl, Alexander"]
[Black "Kuhn, Ulf"]
[Result "0-1"]
[Termination "normal"]
[Board "3.2"]
[WhiteElo "2029"]
[BlackElo "2013"]
[WhiteTeam "Württemberg"]
[BlackTeam "Hessen 2"]
[PlyCount "69"]
[WhiteFideId "24601373"]
[BlackFideId "4693604"]
[EventCountry "GER"]
[EventRounds "7"]
[EventType "team-swiss"]
[EventDate "2003.10.18"]

1. d4 f5 2. c4 d6 3. Nf3 g6 4. Nc3 Bg7 5. Bf4 Nf6 6. h3 O-O 7. e3 Qe8 8. Be2
Na6 9. a3 c6 10. b4 Nh5 11. b5 Nxf4 12. exf4 Nc5 13. Qc2 Ne6 14. Qd2 c5 15. Rd1
Nxd4 16. O-O Nxe2+ 17. Nxe2 Be6 18. Qd3 h6 19. Rfe1 Qf7 20. Rc1 b6 21. Ng3 Rfe8
22. Nf1 a6 23. a4 axb5 24. axb5 Ra4 25. Ne3 Bf6 26. Red1 Rea8 27. Kh2 Rb4 28.
g4 fxg4 29. hxg4 Bb2 30. f5 gxf5 31. gxf5 Qh5+ 32. Kg2 Kh8 33. fxe6 Rg8+ 34.
Kf1 Qxf3 35. Rc2 0-1

[Event "Deutsche Ländermeisterschaft 2003"]
[Site "Kassel GER"]
[Date "2003.10.22"]
[Round "5"]
[White "Elstner, Eik"]
[Black "Behm, Simon"]
[Result "1/2-1/2"]
[Termination "normal"]
[Board "3.3"]
[WhiteElo "2078"]
[BlackElo "2045"]
[WhiteTeam "Hessen 2"]
[BlackTeam "Württemberg"]
[PlyCount "58"]
[WhiteFideId "24605581"]
[BlackFideId "4691962"]
[EventCountry "GER"]
[EventRounds "7"]
[EventType "team-swiss"]
[EventDate "2003.10.18"]

1. d4 d5 2. c4 c6 3. Nf3 Nf6 4. Nc3 dxc4 5. e4 b5 6. e5 Nd5 7. a4 e6 8. axb5
Nxc3 9. bxc3 cxb5 10. Ng5 Bb7 11. Qh5 g6 12. Qg4 Be7 13. Be2 Bd5 14. Bf3 Nc6
15. h4 h5 16. Qg3 Bxg5 17. Bxg5 Qd7 18. O-O a6 19. Rfb1 Ne7 20. Bxe7 Kxe7 21.
Qf4 Rhf8 22. Ra5 Qc6 23. Bxd5 exd5 24. Re1 Qe6 25. Qc1 Kd7 26. Qa3 Rfb8 27. Re3
Rb6 28. f3 Qe7 29. Qc1 Rf8 1/2-1/2

[Event "Deutsche Ländermeisterschaft 2003"]
[Site "Kassel GER"]
[Date "2003.10.22"]
[Round "5"]
[White "Häcker, Sonja"]
[Black "Rogalski, Yuriy"]
[Result "1-0"]
[Termination "normal"]
[Board "3.4"]
[WhiteElo "2028"]
[BlackElo "1776"]
[WhiteTeam "Württemberg"]
[BlackTeam "Hessen 2"]
[PlyCount "79"]
[WhiteFideId "4680928"]
[BlackFideId "24605352"]
[EventCountry "GER"]
[EventRounds "7"]
[EventType "team-swiss"]
[EventDate "2003.10.18"]

1. e4 Nf6 2. e5 Nd5 3. d4 c5 4. c4 Nc7 5. d5 d6 6. exd6 exd6 7. Bd3 g6 8. Nc3
Bg7 9. Nge2 Nd7 10. O-O Ne5 11. Bb1 O-O 12. b3 a6 13. Bb2 b5 14. f4 Ng4 15. Qd2
f5 16. h3 Nf6 17. Bd3 Rb8 18. Rab1 Bd7 19. Ng3 bxc4 20. bxc4 Re8 21. Ba1 Na8
22. Rxb8 Qxb8 23. Rb1 Qc7 24. Kh2 Rb8 25. Qc1 Rxb1 26. Qxb1 Qb6 27. Qe1 Kf7 28.
Nge2 Qb4 29. Qc1 Nb6 30. Nd1 a5 31. Ne3 Ne8 32. Bxg7 Nxg7 33. a3 Qb3 34. Bc2
Qxe3 35. Qxe3 Nxc4 36. Qc3 Nb6 37. Qxa5 Nxd5 38. Bb3 Be6 39. Bxd5 Bxd5 40. Qc7+
1-0

[Event "Deutsche Ländermeisterschaft 2003"]
[Site "Kassel GER"]
[Date "2003.10.22"]
[Round "5"]
[White "Poetsch, Hagen"]
[Black "Plenca, Julijan"]
[Result "1/2-1/2"]
[Termination "normal"]
[Board "3.5"]
[WhiteElo "1717"]
[BlackElo "2059"]
[WhiteTeam "Hessen 2"]
[BlackTeam "Württemberg"]
[PlyCount "89"]
[WhiteFideId "24615137"]
[BlackFideId "14508044"]
[EventCountry "GER"]
[EventRounds "7"]
[EventType "team-swiss"]
[EventDate "2003.10.18"]

1. e4 e6 2. d4 d5 3. e5 c5 4. c3 Nc6 5. Nf3 Bd7 6. Bd3 Rc8 7. dxc5 Bxc5 8. b4
Bb6 9. O-O Nge7 10. a4 a6 11. Na3 Ng6 12. Re1 O-O 13. b5 axb5 14. Nxb5 Na5 15.
Bg5 f6 16. exf6 gxf6 17. Bh6 Rf7 18. Nd6 Bxf2+ 19. Kxf2 Qb6+ 20. Nd4 Qxd6 21.
Bxg6 hxg6 22. Qg4 g5 23. Qh5 Rg7 24. Bxg7 Kxg7 25. Qf3 e5 26. Ne2 Qc5+ 27. Qe3
Qxe3+ 28. Kxe3 Nc4+ 29. Kf2 Kf7 30. Reb1 b6 31. Nc1 Ke7 32. Nd3 Bf5 33. Rd1
Bxd3 34. Rxd3 Ke6 35. Rb1 Rc5 36. Rdd1 Ra5 37. Rb4 Rc5 38. Rdb1 Rc6 39. g4 e4
40. Ke2 Ke5 41. Rb5 Rd6 42. Rf1 Ke6 43. Rd1 Ke5 44. Rf1 Ke6 45. Rd1 1/2-1/2